MARTI PONYFEE VE GÖKKUŞAĞI (Record no. 656570)
[ view plain ]
| 000 -LEADER | |
|---|---|
| sabit uzunluktaki kontrol alanı | 00226nam a2200097Ia 4500 |
| 001 - KONTROL NUMARASI | |
| kontrol alanı | 656570 |
| 005 - EN SON İŞLEMİN TARİH VE ZAMANI | |
| kontrol alanı | 20250826154558.0 |
| 008 - SABİT-UZUNLUKTA VERİ ÖĞELERİ--GENEL BİLGİ | |
| sabit uzunluktaki kontrol alanı | 250824s9999 xx 000 0 und d |
| 245 #0 - ESER / YAZAR | |
| ESER ADI | MARTI PONYFEE VE GÖKKUŞAĞI |
| 260 ## - YAYIN, DAĞITIM, VB. | |
| YAYIN EVİ | MARTI |
| Düşüm durumu | Kayıp durumu | Hasar Durumu | Ödünç verilmez | Ana kütüphane | Geçerli Kütüphane | Edinilen tarih | Toplam ödünç verme sayısı | Barkod | Son görüntüleme tarihi | Son ödünç verme tarihi | Fiyatın geçerli olmaya başladığı tarih | Koha materyal türü |
|---|---|---|---|---|---|---|---|---|---|---|---|---|
| ÖZEL İDARE 100. YIL İLKOKULU | ÖZEL İDARE 100. YIL İLKOKULU | 24.08.2025 | 6 | 10101425 | 05.12.2025 | 28.11.2025 | 26.08.2025 | Books |